| 000 | 00466nam a2200181Ia 4500 | ||
|---|---|---|---|
| 999 |
_c31184 _d31184 |
||
| 001 | 31062 | ||
| 003 | PK-LaUMT | ||
| 005 | 20221004172809.0 | ||
| 008 | 140416s9999 xx 000 0 und d | ||
| 040 | _cPK-LaUMT | ||
| 082 |
_aW 677.21 _bBAF-C |
||
| 100 | _aBaffes, John | ||
| 245 |
_aCotton _bmarket setting, trade policies and issues _cBaffes, John |
||
| 260 |
_aWashington,USA: _bWorld Bank, _c2004 |
||
| 300 | _a76 p. | ||
| 546 | _aEN | ||
| 942 |
_cWEEDED OUT _2ddc |
||